Budget Institutions and Fiscal Performance in Low-Income Countries /

This paper presents, for the first time, multi-dimensional indices of the quality of budget institutions in low-income countries. The indices allow for benchmarking against the performance of middle-income countries, across regions, and according to different institutional arrangements that deliver...

תיאור מלא

מידע ביבליוגרפי
מחבר ראשי: Gollwitzer, Sophia
מחברים אחרים: Kvintradze, Eteri, Prakash, Tej, Zanna, Luis-Felipe
פורמט: כתב-עת
שפה:English
יצא לאור: Washington, D.C. : International Monetary Fund, 2010.
סדרה:IMF Working Papers; Working Paper ; No. 2010/080
גישה מקוונת:Full text available on IMF
LEADER 01824cas a2200277 a 4500
001 AALejournalIMF006372
008 230101c9999 xx r poo 0 0eng d
020 |c 5.00 USD 
020 |z 9781451982237 
022 |a 1018-5941 
040 |a BD-DhAAL  |c BD-DhAAL 
100 1 |a Gollwitzer, Sophia. 
245 1 0 |a Budget Institutions and Fiscal Performance in Low-Income Countries /  |c Sophia Gollwitzer, Eteri Kvintradze, Tej Prakash, Luis-Felipe Zanna. 
264 1 |a Washington, D.C. :  |b International Monetary Fund,  |c 2010. 
300 |a 1 online resource (56 pages) 
490 1 |a IMF Working Papers 
500 |a <strong>Off-Campus Access:</strong> No User ID or Password Required 
500 |a <strong>On-Campus Access:</strong> No User ID or Password Required 
506 |a Electronic access restricted to authorized BRAC University faculty, staff and students 
520 3 |a This paper presents, for the first time, multi-dimensional indices of the quality of budget institutions in low-income countries. The indices allow for benchmarking against the performance of middle-income countries, across regions, and according to different institutional arrangements that deliver good fiscal performance. Using the constructed indices, the paper provides preliminary empirical support for the hypotheses that strong budget institutions help improve fiscal balances and public external debt outcomes; and countries with stronger fiscal institutions have better scope to conduct countercyclical policies. 
538 |a Mode of access: Internet 
700 1 |a Kvintradze, Eteri. 
700 1 |a Prakash, Tej. 
700 1 |a Zanna, Luis-Felipe. 
830 0 |a IMF Working Papers; Working Paper ;  |v No. 2010/080 
856 4 0 |z Full text available on IMF  |u http://elibrary.imf.org/view/journals/001/2010/080/001.2010.issue-080-en.xml  |z IMF e-Library